Sustancias tóxicas o peligrosas presentes en los materiales de construcción

সংরক্ষণ করুন:
গ্রন্থ-পঞ্জীর বিবরন
প্রধান লেখক: Campos Alvarado, Andres
বিন্যাস: গ্রন্থ
প্রকাশিত: San José, C.R 2003
বিষয়গুলি:
ট্যাগগুলো: ট্যাগ যুক্ত করুন
কোনো ট্যাগ নেই, প্রথমজন হিসাবে ট্যাগ করুন!

MARC

LEADER 00000nam a2200000Ia 4500
003 009009
005 20221231144152.0
008 140114s2003 cr a m 000 ||s d
040 |c cru CEDI 
090 |a TFG 4570 
100 |a Campos Alvarado, Andres  |9 7215 
245 |a Sustancias tóxicas o peligrosas presentes en los materiales de construcción  
260 |c 2003  |a  San José, C.R 
300 |a  183 hojas : ilustraciones a color  
500 |a  Tesis (licenciatura en ingeniería civil)--Universidad de Costa Rica. Facultad de Ingeniería. Escuela de Ingeniería Civil 
650 |x MATERIALES DE CONSTRUCCION   |x  TOXICOLOGIA   |x SUSTANCIAS TOXICAS   |x  MEDIDAS DE SEGURIDAD   |x SALUD OCUPACIONAL   |x  COSTA RICA   |x INDUSTRIA DE LA CONSTRUCCION   |x  ASPECTOS AMBIENTALES   |x CONSTRUCCION  |9 7216 
942 |c TFG 
999 |c 17874  |d 17874